000
00289nam a2200145Ia 4500
100
_a
Li
650
_a
Research methods
942
_c
BK
366
_f
25
654
_a
research methods
245
_a
Research methods in Education
260
_b
sage
082
_b
LI
546
_a
ENGLISH
999
_c
32352
_d
32352